Mythologie japonaise - Statistiques

Statistiques générales
  • Ce quiz a été pris 121 fois
  • Le résultat moyen est 5 sur 18
Statistiques - réponses
Indice Réponses % Correct
Déesse de la lumière Amaterasu
70%
Femme primordiale Izanami
48%
"Raton laveur" Tanuki
48%
Homme primordial Izanagi
46%
Dieu des mers et tempêtes Susanoo
45%
Entité divine Kami
44%
Créatures diverses Yokai
42%
Créature amphibienne Kappa
30%
Epée légendaire Kusanagi
13%
Dragon vaincu par le dieu des mers Yamata No Orochi
13%
Royaume des morts Yomi
12%
Divinité du feu Kagutsuchi
10%
Dieu de la nuit Tsukiyomi
8%
Etat avant toute vie Chaos
7%
Trésor sacré du Japon Magatama
7%
Trésor sacré du Japon Yata No Kagami
4%
Petit fils de la déesse de la lumière Ninigi
3%
Divinité de la nourriture Ukemochi
1%
Aucun quiz correspondant
Distribution des résultats
% des personnes avec chaque résultat
Percentile par nombre de réponses
Votre historique - résultats
Vous n’avez pas pris ce quiz